ბათუმის შოთა რუსთაველის სახელმწიფო უნივერსიტეტის ბიბლიოთეკა

ინგლისურ-ქართული უნივერსალური იურიდიული და ბიზნესის ლექსიკონი = English-georgian universal dictionary of law and business terms = Англо-грузинский универсальный юридический и бизнесный словарь : ენციკლოპედიურ-ტერმინოლოგიური სიტყვარი (ტრანსკრიფციებით) / (ბიბ.ჩანაწერი № 34948)

000 -ლიდერი
ფიქსირებული სიგრძის საკონტროლო ველი 01920nam a2200241Ia 4500
001 - საკონტროლო ნომერი
საკონტროლო ველი 777
003 - საკონტროლო ნომრის იდენტიფიკატორი
საკონტროლო ველი GE_BSU
005 - ბოლო ოპერაციის თარიღი და დრო
საკონტროლო ველი 20220922113211.0
008 - ფიქსირებული სიგრძის მონაცემთა ელემენტები - ზოგადი ინფორმაცია
ფიქსირებული სიგრძის საკონტროლო ველი 181216s2006||||ge |||||||||||||| ||geo||
020 ## - წიგნის საერთაშორისო სტანდარტული ნომერი
International Standard Book Number 9994077767
040 ## - კატალოგიზაციის წყარო
Transcribing agency GE_BSU
041 ## - ენის კოდი
Language code of text/sound track or separate title geo
080 ## - უნივერსალური ათობითი კლასიფიკაციის ინდექსი
Universal Decimal Classification number 1'374.26:34=111=353.1+81'374.26:338.2=111=353.1 ბ–56
100 ## - მთავარი ჩანაწერი - პიროვნების სახელი
Personal name ბერულავა, რევაზ
9 (RLIN) 14537
245 ## - ცნობა სათაურის შესახებ
Title ინგლისურ-ქართული უნივერსალური იურიდიული და ბიზნესის ლექსიკონი = English-georgian universal dictionary of law and business terms = Англо-грузинский универсальный юридический и бизнесный словарь : ენციკლოპედიურ-ტერმინოლოგიური სიტყვარი (ტრანსკრიფციებით) /
Statement of responsibility, etc [ავტ.: რევაზ ბერულავა, თეა ბერულავა, იდელა ქვაჩახია] ; ვლადიმერ პაპავას, დავით ონოფრიშვილის და მარინა კვაჭაძის რედ. ; თსუ-ს საბუნებისმეტყველო, ტექნ. და ეკონ. მეცნ. ლექსიკოგრაფიული ცენტრი.
264 ## - წარმოების, გამოცემის, დისტრიბუციის და სხვა ცნობები
გამოცემის, წარმოების, დისტრიბუციის... ადგილი თბილისი :
გამოცემის, წარმოების, დისტრიბუციის... სახელწოდება რევაზ ბერულავას გამ-ბა "იბერთედ-პრესი",
გამოცემის, წარმოების, დისტრიბუციის... თარიღი 2006.
300 ## - ფიზიკური აღწერა
Extent 632 გვ.;
Other physical details 21 სმ.
653 ## - INDEX TERM--UNCONTROLLED
Uncontrolled term ლექსიკონი
700 ## - ADDED ENTRY--PERSONAL NAME
Personal name ბერულავა, თეა
Relator term ავტორი
9 (RLIN) 14663
700 ## - ADDED ENTRY--PERSONAL NAME
Personal name ქვაჩახია, იდელა
Relator term ავტორი
9 (RLIN) 14538
700 ## - ADDED ENTRY--PERSONAL NAME
Personal name პაპავა, ვლადიმერ
Relator term რედაქტორი
9 (RLIN) 14693
942 ## - ADDED ENTRY ELEMENTS (KOHA)
Koha item type წიგნი
Source of classification or shelving scheme
ეგზემპლარები
ჩამოწერის სტატუსი დაკარგული ეგზემპლარის სტატუსი კლასიფიკაციის წყარო ან თაროზე გაწყობის სქემა დაზიანების სტატუსი არ გაიცემა მუდმივი მდებარეობა (დაცვის ადგილი) ამჟამინდელი ადგილსამყოფელი თაროზე განთავსების ადგილი შეძენის თარიღი ღირებულება, შესყიდვის ნორმალური ფასი სრული შენახვის შიფრი შტრიხკოდი ბოლო ოპერაციის თარიღი ეგზემპლარის მიმდევრობითი ნომერი (კეტერი?) ფასის ძალაში შესვლის თარიღი ეგზემპლარის სახეობა საჯარო შენიშვნა
          ბათუმის შოთა რუსთაველის სახელმწიფო უნივერსიტეტის მთავარი ბიბლიოთეკა ბათუმის შოთა რუსთაველის სახელმწიფო უნივერსიტეტის მთავარი ბიბლიოთეკა წიგნსაცავი 2018-12-17 20.00 1'374.26:34=111=353.1+81'374.26:338.2=111=353.1 ბ–56 2439 2018-12-17 2439 2018-12-17 წიგნი 20 ლ.
          ბათუმის შოთა რუსთაველის სახელმწიფო უნივერსიტეტის მთავარი ბიბლიოთეკა ბათუმის შოთა რუსთაველის სახელმწიფო უნივერსიტეტის მთავარი ბიბლიოთეკა წიგნსაცავი 2018-12-17 20.00 1'374.26:34=111=353.1+81'374.26:338.2=111=353.1 ბ–56 2440 2018-12-17 2440 2018-12-17 წიგნი 20 ლ.